000 00600nam a2200241 a 4500
001 nice12345678
003 IN_TiNIC
005 20260116012304.0
008 050524s1981 bira grp 000 0 eng
020 _a
_c100
082 0 0 _a297.629704
_bNIE
100 _aNielsen, J S
245 _aMuslims in Europe
260 _aBirmingham
_bCentre for Study of Islam & Christian M
_c1981
300 _a31p
500 _aincludes index and biblioraphy
505 2 _aBibliograpphy, Index
650 _aMuslims-Europe
700 1 _aNielsen, J S
902 _bSRS
942 _cBK
999 _c6408
_d6408